[Event "HEM C-Turnier"]
[Site "Frankfurt-Zeilsheim"]
[Date "2018.05.10"]
[Round "1.14"]
[White "Von Beckh, Frieda"]
[Black "Edelmann, Anastasija"]
[Result "1-0"]
[WhiteElo "1262"]
[BlackElo "919"]
[PlyCount "119"]
[EventDate "2018.??.??"]
[EventType "swiss"]
[EventRounds "7"]
[EventCountry "GER"]
[WhiteTeam "SC Eschborn"]
[BlackTeam "SC Frankfurt-West"]

1. e4 e5 2. Nf3 Nc6 3. d4 d6 4. dxe5 dxe5 5. Qxd8+ Kxd8 6. Bc4 Nf6 7. Nc3 Bb4
8. Bg5 Bxc3+ 9. bxc3 Rg8 10. Bxf7 Rf8 11. Bb3 Ke8 12. Bxf6 Rxf6 13. Ba4 Bd7 14.
Bxc6 Bxc6 15. O-O-O Bxe4 16. Rde1 Bxf3 17. Rxe5+ Kd7 18. gxf3 Rxf3 19. Rd1+ Kc6
20. Re6+ Kb5 21. Rd5+ c5 22. a4+ Kc4 23. Rd7 b6 24. Re4+ Kxc3 25. Re3+ Rxe3 26.
fxe3 Re8 27. Rd3+ Kb4 28. Kd2 Re4 29. Rd7 a5 30. Rb7 Kxa4 31. Rxb6 Rh4 32. Rb3
Rxh2+ 33. Kc3 c4 34. Rb7 Re2 35. Re7 h5 36. Re4 g5 37. Rxc4+ Kb5 38. Kd3 h4 39.
Rg4 Rf2 40. Rxg5+ Kb4 41. Rg4+ Ka3 42. Rxh4 a4 43. c3 Kb2 44. Rxa4 Rc2 45. Rb4+
Kc1 46. e4 Rd2+ 47. Ke3 Kc2 48. Rd4 Rh2 49. c4 Rh3+ 50. Kf4 Kc3 51. Rd1 Kxc4
52. e5 Rh4+ 53. Kf5 Rh5+ 54. Kf6 Rh8 55. e6 Rf8+ 56. Ke7 Rh8 57. Kd7 Rh7+ 58.
e7 Kc3 59. Kd8 Rh8+ 60. e8=Q 1-0

[Event "HEM C-Turnier"]
[Site "Frankfurt-Zeilsheim"]
[Date "2018.05.10"]
[Round "1.15"]
[White "Politoukhin, Nikolaj"]
[Black "Doehne, Vincent"]
[Result "0-1"]
[WhiteElo "893"]
[BlackElo "1296"]
[PlyCount "72"]
[EventDate "2018.??.??"]
[EventType "swiss"]
[EventRounds "7"]
[EventCountry "GER"]
[WhiteTeam "SC Flörsheim"]
[BlackTeam "SC Hattersheim"]

1. e4 e5 2. Nf3 Nc6 3. d4 exd4 4. Bc4 Bb4+ 5. c3 dxc3 6. bxc3 Be7 7. Qd5 Nh6 8.
Bxh6 O-O 9. Bf4 d6 10. Nbd2 Be6 11. Qd3 a6 12. Nd4 Nxd4 13. cxd4 b5 14. Bxe6
fxe6 15. Qg3 Bh4 16. Qg4 Qe7 17. g3 e5 18. Nf3 exf4 19. Qxh4 Qxe4+ 20. Kf1 Qxf3
21. Kg1 fxg3 22. Qxg3 Qxg3+ 23. hxg3 Rf3 24. Kg2 Raf8 25. Rhf1 Rd3 26. Rad1
Rff3 27. Kh3 Rxd1 28. Rxd1 Rxf2 29. a3 Rf3 30. Ra1 Rd3 31. a4 Rxd4 32. axb5
axb5 33. Ra8+ Kf7 34. Ra7 Rc4 35. g4 Ke6 36. Ra8 c5 0-1

[Event "HEM C-Turnier"]
[Site "Frankfurt-Zeilsheim"]
[Date "2018.05.10"]
[Round "1.16"]
[White "Menz, Sebastian"]
[Black "Graef, Britta"]
[Result "1-0"]
[WhiteElo "1265"]
[BlackElo "856"]
[PlyCount "91"]
[EventDate "2018.??.??"]
[EventType "swiss"]
[EventRounds "7"]
[EventCountry "GER"]
[WhiteTeam "SC Ehrenberg"]
[BlackTeam "SV Frankfurt Nord"]

1. d4 d6 2. c4 g6 3. e3 Nf6 4. Nc3 c6 5. Nf3 Bg7 6. Bd3 Qa5 7. O-O O-O 8. Bd2
Qc7 9. Rc1 Nbd7 10. b4 e5 11. Bb1 Re8 12. Re1 Ng4 13. h3 Ngf6 14. b5 c5 15. d5
Nb6 16. Ne4 Bf5 17. Nxf6+ Bxf6 18. Bxf5 gxf5 19. Ba5 Qe7 20. Nd2 Kh8 21. Qc2 e4
22. Bc3 Nd7 23. Bxf6+ Nxf6 24. Qc3 Rg8 25. Nf1 Rg6 26. Ng3 Rg5 27. h4 Rg4 28.
Nxf5 Qd8 29. Nh6 Kg7 30. Nxg4 Kg6 31. Nxf6 Qxf6 32. Qxf6+ Kxf6 33. Rf1 Rg8 34.
Kh2 Kg6 35. f3 Kh5 36. fxe4 Kxh4 37. Rf4+ Kh5 38. Rxf7 Kh6 39. Rf6+ Kg5 40.
Rxd6 Rf8 41. Kg1 Re8 42. Re6 Rf8 43. Rf1 Rg8 44. d6 h5 45. d7 Kg4 46. Re8 1-0

[Event "HEM C-Turnier"]
[Site "Frankfurt-Zeilsheim"]
[Date "2018.05.10"]
[Round "1.17"]
[White "Coskun, Eray"]
[Black "Fuchs, Christofer"]
[Result "0-1"]
[WhiteElo "839"]
[BlackElo "1265"]
[PlyCount "138"]
[EventDate "2018.??.??"]
[EventType "swiss"]
[EventRounds "7"]
[EventCountry "GER"]
[WhiteTeam "SC Flörsheim"]
[BlackTeam "SC Bad Soden"]

1. e4 e5 2. Nf3 Nc6 3. d4 exd4 4. Bc4 Nf6 5. Bg5 d6 6. O-O Be7 7. Re1 Bg4 8.
Nbd2 O-O 9. Nb3 Ne5 10. Be2 Nxe4 11. Bf4 Ng6 12. Qxd4 Nxf4 13. Qxe4 Nxe2+ 14.
Rxe2 Be6 15. Qxb7 Bf6 16. c3 Qd7 17. Rd1 Bc4 18. Ree1 Rab8 19. Qxa7 Ra8 20. Qb7
Rxa2 21. Nc5 Qb5 22. Qxb5 Bxb5 23. Nd3 Bxd3 24. Rxd3 Rxb2 25. Rde3 Rc2 26. Nd4
Bxd4 27. cxd4 Rd2 28. Rc3 Rxd4 29. Rxc7 f5 30. h3 Re4 31. Rb1 Re6 32. Rbb7 Rg6
33. f3 h5 34. Kh2 Kh7 35. h4 Kh6 36. Kh3 f4 37. Rd7 Rff6 38. Rd8 Kh7 39. Rbb8
Rg3+ 40. Kh2 Re6 41. Rb5 Kg6 42. Rh8 Re2 43. Rg5+ Rxg5 44. hxg5 Kxg5 45. Rg8 g6
46. Rd8 Rd2 47. Ra8 d5 48. Kh3 d4 49. Ra5+ Kh6 50. g4 fxg3 51. Kxg3 d3 52. Rd5
Rd1 53. Kf2 h4 54. Kg2 d2 55. f4 Kg7 56. Kh2 Kf6 57. Rd6+ Kf5 58. Rd4 Kg4 59.
Kg2 h3+ 60. Kh2 Kf3 61. Rd3+ Kxf4 62. Rd4+ Ke3 63. Rd6 Re1 64. Re6+ Kf4 65.
Rf6+ Kg5 66. Ra6 d1=Q 67. Ra5+ Kh6 68. Kxh3 Qf3+ 69. Kh2 Rh1# 0-1

[Event "HEM C-Turnier"]
[Site "Frankfurt-Zeilsheim"]
[Date "2018.05.10"]
[Round "2.1"]
[White "Graef, Kilian Gabriel"]
[Black "Doehne, Vincent"]
[Result "0-1"]
[WhiteElo "1523"]
[BlackElo "1296"]
[PlyCount "112"]
[EventDate "2018.??.??"]
[EventType "swiss"]
[EventRounds "7"]
[EventCountry "GER"]
[WhiteTeam "SV Frankfurt Nord"]
[BlackTeam "SC Hattersheim"]

1. d4 Nf6 2. c4 d6 3. Nc3 g6 4. Bg5 Bg7 5. e4 O-O 6. Bd3 Nc6 7. Nge2 Nd7 8. d5
Nce5 9. h4 Nc5 10. Nf4 f6 11. g3 fxg5 12. hxg5 Bg4 13. Be2 Qd7 14. f3 Ncd3+ 15.
Nxd3 Nxf3+ 16. Bxf3 Bxf3 17. Qa4 Qxa4 18. Nxa4 Bxh1 19. O-O-O Bxe4 20. Nf4 Bf5
21. Re1 Be5 22. b3 Bxf4+ 23. gxf4 Rae8 24. Nc3 a6 25. Ne2 e5 26. Rf1 Bd3 27.
Kd2 Bxe2 28. Kxe2 Rxf4 29. Rd1 Ref8 30. Ke3 Rg4 31. a3 Rxg5 32. b4 Rf4 33. Rc1
Rg3+ 34. Ke2 Rxa3 35. c5 Rxb4 36. cxd6 Rb2+ 37. Kd1 cxd6 38. Rc8+ Kf7 39. Rc7+
Kf6 40. Kc1 Rg2 41. Kb1 e4 42. Rd7 e3 43. Rxd6+ Ke5 44. Re6+ Kxd5 45. Re8 Rga2
46. Rd8+ Kc6 47. Re8 e2 48. Re6+ Kd5 49. Re8 e1=Q+ 50. Rxe1 Ra1+ 51. Kb2 Rxe1
52. Kxa3 Rb1 53. Ka2 Rb5 54. Ka3 Kc4 55. Ka4 Kc3 56. Ka3 Ra5# 0-1

[Event "HEM C-Turnier"]
[Site "Frankfurt-Zeilsheim"]
[Date "2018.05.10"]
[Round "2.2"]
[White "Giebitz, Walter"]
[Black "Menz, Sebastian"]
[Result "1/2-1/2"]
[WhiteElo "1476"]
[BlackElo "1265"]
[PlyCount "42"]
[EventDate "2018.??.??"]
[EventType "swiss"]
[EventRounds "7"]
[EventCountry "GER"]
[WhiteTeam "SC Steinbach"]
[BlackTeam "SC Ehrenberg"]

1. e4 e5 2. Nf3 Nc6 3. Bc4 d6 4. d3 Be7 5. h3 Be6 6. Bb3 Bxb3 7. axb3 Nf6 8.
Nc3 O-O 9. Be3 a6 10. O-O d5 11. exd5 Nxd5 12. Nxd5 Qxd5 13. Re1 Qd7 14. Bd2
Bd6 15. Nh2 Rfe8 16. Re4 f5 17. Re1 Bc5 18. Be3 Bxe3 19. Rxe3 Re7 20. Nf3 Rae8
21. Qd2 Nd4 1/2-1/2

[Event "HEM C-Turnier"]
[Site "Frankfurt-Zeilsheim"]
[Date "2018.05.10"]
[Round "2.3"]
[White "Fuchs, Christofer"]
[Black "Schaefer, Jessica"]
[Result "1/2-1/2"]
[WhiteElo "1265"]
[BlackElo "1461"]
[PlyCount "50"]
[EventDate "2018.??.??"]
[EventType "swiss"]
[EventRounds "7"]
[EventCountry "GER"]
[WhiteTeam "SC Bad Soden"]
[BlackTeam "SK Turm Bad Hersfeld"]

1. e4 c5 2. c3 d6 3. d4 cxd4 4. cxd4 d5 5. exd5 Qxd5 6. Nc3 Qd8 7. Nf3 Nf6 8.
Bd3 g6 9. Bf4 Bg7 10. O-O O-O 11. Bc2 Nd5 12. Nxd5 Qxd5 13. Qd2 Nc6 14. Bh6 a6
15. Bxg7 Kxg7 16. Rfe1 e6 17. h4 b5 18. Be4 Qd6 19. Rac1 Bd7 20. Rc3 Rac8 21.
h5 Ne7 22. h6+ Kg8 23. Nh2 Nd5 24. Rf3 Bc6 25. Bb1 Ne7 1/2-1/2

[Event "HEM C-Turnier"]
[Site "Frankfurt-Zeilsheim"]
[Date "2018.05.10"]
[Round "2.5"]
[White "Shehab, Tarek"]
[Black "Arnold, Jan"]
[Result "1-0"]
[WhiteElo "1218"]
[BlackElo "1441"]
[PlyCount "79"]
[EventDate "2018.??.??"]
[EventType "swiss"]
[EventRounds "7"]
[EventCountry "GER"]
[WhiteTeam "SF Korbach"]
[BlackTeam "SC Frankfurt-West"]

1. e4 c5 2. d4 cxd4 3. c3 Nc6 4. cxd4 d5 5. e5 e6 6. Nf3 Nge7 7. Nc3 a6 8. Be2
Ng6 9. O-O Be7 10. Be3 O-O 11. Rc1 Nh4 12. Qd2 Nf5 13. Bd3 Nxe3 14. Qxe3 h6 15.
Bb1 Bg5 16. Nxg5 Qxg5 17. Qd3 g6 18. f4 Qf5 19. Qf3 Qh5 20. Qxh5 gxh5 21. Ne2
Ne7 22. Ng3 h4 23. Nh5 Nf5 24. Nf6+ Kg7 25. Bxf5 exf5 26. Nxd5 Be6 27. Nc3 Rfd8
28. Rfd1 Bd5 29. Nxd5 Rxd5 30. Rc5 Rad8 31. Rxd5 Rxd5 32. Kf2 Kf8 33. Ke3 Ke7
34. Rc1 Rd7 35. Rc8 Rd8 36. Rxd8 Kxd8 37. d5 Kd7 38. Kd4 b6 39. a4 Ke7 40. a5
1-0

[Event "HEM C-Turnier"]
[Site "Frankfurt-Zeilsheim"]
[Date "2018.05.10"]
[Round "2.6"]
[White "Mitsiioannou, Antonios"]
[Black "Bernath, Markus"]
[Result "1-0"]
[WhiteElo "1430"]
[BlackElo "1224"]
[PlyCount "41"]
[EventDate "2018.??.??"]
[EventType "swiss"]
[EventRounds "7"]
[EventCountry "GER"]
[WhiteTeam "SV Ffm-Griesheim"]
[BlackTeam "SC Heuchelheim"]

1. e4 e5 2. Nf3 Nc6 3. Bb5 a6 4. Ba4 Nf6 5. O-O Be7 6. Re1 O-O 7. d4 Nxd4 8.
Nxd4 exd4 9. Qxd4 c5 10. Qd3 Qa5 11. Nc3 b5 12. e5 c4 13. Qf3 Rb8 14. exf6 Bxf6
15. Bd2 bxa4 16. Ne4 Qb6 17. Nxf6+ Qxf6 18. Qxf6 gxf6 19. Bc3 f5 20. Re3 Bb7
21. Rg3# 1-0

[Event "HEM C-Turnier"]
[Site "Frankfurt-Zeilsheim"]
[Date "2018.05.10"]
[Round "2.11"]
[White "Arnold, Aaron"]
[Black "Wolff, Beate"]
[Result "1-0"]
[WhiteElo "1339"]
[BlackElo "1262"]
[PlyCount "65"]
[EventDate "2018.??.??"]
[EventType "swiss"]
[EventRounds "7"]
[EventCountry "GER"]
[WhiteTeam "SC Frankfurt-West"]
[BlackTeam "VSG Offenbach"]

1. d4 d5 2. e4 c6 3. Nc3 dxe4 4. f3 Nf6 5. Bc4 e6 6. fxe4 b5 7. Be2 Nbd7 8. a3
Qc7 9. Nf3 Be7 10. e5 Nd5 11. Nxd5 exd5 12. O-O O-O 13. Ng5 Nb6 14. b3 h6 15.
Nf3 Bf5 16. Nd2 a6 17. Rxf5 c5 18. c3 cxd4 19. cxd4 Qc3 20. Rb1 Qxd4+ 21. Kh1
g6 22. Bb2 Qe3 23. Rf3 Qg5 24. Bc1 Qxe5 25. Bb2 Qd6 26. Qf1 Bg5 27. Rd1 Rac8
28. Ne4 Qe7 29. Nxg5 Qxg5 30. Bc1 Qe7 31. Bxh6 Rfe8 32. Re3 Qd7 33. Qf6 1-0

[Event "HEM C-Turnier"]
[Site "Frankfurt-Zeilsheim"]
[Date "2018.05.10"]
[Round "2.12"]
[White "Ruppert, Henry"]
[Black "Mueller, Darius"]
[Result "1/2-1/2"]
[WhiteElo "1181"]
[BlackElo "928"]
[PlyCount "38"]
[EventDate "2018.??.??"]
[EventType "swiss"]
[EventRounds "7"]
[EventCountry "GER"]
[WhiteTeam "SC Flörsheim"]
[BlackTeam "SC Ehrenberg"]

1. e4 e5 2. Nf3 Nc6 3. Bb5 d6 4. O-O Nf6 5. d3 Be7 6. c3 O-O 7. Nbd2 a6 8. Ba4
Bd7 9. Re1 b5 10. Bb3 Na5 11. Bc2 c5 12. Nf1 Nc6 13. Ng3 Qc8 14. d4 cxd4 15.
cxd4 exd4 16. Bb3 Be6 17. Bxe6 fxe6 18. Nxd4 Nxd4 19. Qxd4 Qd7 1/2-1/2

[Event "HEM C-Turnier"]
[Site "Frankfurt-Zeilsheim"]
[Date "2018.05.10"]
[Round "2.13"]
[White "Pessotschinski, Lars"]
[Black "Kleingarn, Frederik"]
[Result "1-0"]
[WhiteElo "1692"]
[BlackElo "1010"]
[PlyCount "163"]
[EventDate "2018.??.??"]
[EventType "swiss"]
[EventRounds "7"]
[EventCountry "GER"]
[WhiteTeam "TuS Makkabi"]
[BlackTeam "SC Nied"]

1. e4 e5 2. Nf3 Nc6 3. d4 exd4 4. Nxd4 Ne5 5. Be2 Bc5 6. Nb3 Bb6 7. Bf4 d6 8.
N1d2 Nf6 9. O-O O-O 10. c3 c5 11. Qc2 Be6 12. Nf3 Nxf3+ 13. Bxf3 c4 14. Nd2 Qc7
15. Rfe1 Rfe8 16. e5 dxe5 17. Bxe5 Qe7 18. Bxf6 Qxf6 19. Ne4 Qg6 20. Re2 Bf5
21. Rae1 Rad8 22. Qa4 Rc8 23. Nf6+ gxf6 24. Rxe8+ Rxe8 25. Rxe8+ Kg7 26. Qb4
Kh6 27. h4 Bc7 28. g4 Bxg4 29. Qf8+ Kh5 30. Qc5+ Kh6 31. Bxg4 Qxg4+ 32. Kf1
Qh3+ 33. Ke2 Qg4+ 34. f3 Qg2+ 35. Qf2 Qh3 36. Rg8 Qf5 37. h5 Kxh5 38. Qg1 Qh3
39. Qg4+ Qxg4 40. fxg4+ Kh6 41. Kf3 Bb6 42. Ke4 Bf2 43. Kf5 Bh4 44. b3 cxb3 45.
axb3 b6 46. b4 b5 47. Rb8 a6 48. Ra8 Kg7 49. Rxa6 Kf8 50. Rb6 Ke7 51. Rxb5 Kd6
52. Rb6+ Kd7 53. Rxf6 Bxf6 54. Kxf6 Ke8 55. b5 Kd7 56. Kxf7 Kd6 57. b6 Kc6 58.
Kg7 Kxb6 59. Kxh7 Kc5 60. g5 Kc4 61. g6 Kxc3 62. g7 Kd4 63. g8=Q Ke5 64. Qd8
Ke4 65. Kg6 Ke5 66. Qd1 Ke4 67. Kf7 Ke5 68. Ke8 Ke4 69. Kd8 Ke5 70. Kd7 Ke4 71.
Kd6 Ke3 72. Qa4 Kd3 73. Kd5 Ke3 74. Qe4+ Kd2 75. Qf3 Kc2 76. Kc4 Kd2 77. Qd3+
Ke1 78. Qc2 Kf1 79. Kd3 Kg1 80. Ke3 Kh1 81. Kf3 Kg1 82. Qg2# 1-0

[Event "HEM C-Turnier"]
[Site "Frankfurt-Zeilsheim"]
[Date "2018.05.10"]
[Round "2.14"]
[White "Neagu, Liviu"]
[Black "Oezyar, Arin"]
[Result "1-0"]
[WhiteElo "1562"]
[BlackElo "981"]
[PlyCount "79"]
[EventDate "2018.??.??"]
[EventType "swiss"]
[EventRounds "7"]
[EventCountry "GER"]
[WhiteTeam "SF Friedberg"]
[BlackTeam "SC Bad Soden"]

1. d4 d5 2. c4 e6 3. Nf3 Nf6 4. Nc3 Nc6 5. cxd5 Nxd5 6. e4 Nxc3 7. bxc3 Bd7 8.
Rb1 b6 9. Bd3 g6 10. O-O Bg7 11. Qc2 O-O 12. e5 Ne7 13. Bg5 Re8 14. Qd2 Qc8 15.
c4 c5 16. Bf6 cxd4 17. Be4 Qxc4 18. Bxa8 Rxa8 19. Bxe7 Rc8 20. Rfc1 Qd5 21.
Rxc8+ Bxc8 22. Bf6 Qe4 23. Rc1 Ba6 24. Rc7 Be2 25. Rc8+ Bf8 26. Rxf8+ Kxf8 27.
Qb4+ Kg8 28. Ng5 Qc2 29. h3 d3 30. Nxh7 Qc1+ 31. Kh2 Qh6 32. Ng5 Qf8 33. Qh4
Bh5 34. Qd4 Be2 35. f3 Qh6 36. Be7 Qf8 37. Bxf8 Kxf8 38. Qf4 f5 39. exf6 Ke8
40. Qd6 1-0

[Event "HEM C-Turnier"]
[Site "Frankfurt-Zeilsheim"]
[Date "2018.05.10"]
[Round "2.15"]
[White "Fuchs, Henrik"]
[Black "Goodwin, David"]
[Result "1-0"]
[WhiteElo "1099"]
[BlackElo "1539"]
[PlyCount "143"]
[EventDate "2018.??.??"]
[EventType "swiss"]
[EventRounds "7"]
[EventCountry "GER"]
[WhiteTeam "SC Bad Soden"]
[BlackTeam "SV Kelsterbach"]

1. d4 g6 2. c4 Bg7 3. Nf3 d6 4. Nc3 Nd7 5. Bf4 Ngf6 6. e3 Nh5 7. Bg5 h6 8. Bh4
g5 9. Bg3 Nxg3 10. fxg3 c5 11. Bd3 cxd4 12. exd4 Nf6 13. O-O Ng4 14. Qd2 O-O
15. Bc2 e5 16. Qd3 f5 17. dxe5 Qb6+ 18. Qd4 Qxd4+ 19. Nxd4 Ne3 20. Rf2 Bxe5 21.
Nf3 Nxc4 22. Bb3 Be6 23. Nd2 Rac8 24. Nb5 d5 25. Re1 Nxd2 26. Rxd2 Rc5 27. a4
a6 28. Na3 Bxg3 29. Rxe6 Rc1+ 30. Rd1 Bf4 31. Rxc1 Bxc1 32. Re2 Rd8 33. Rc2
Be3+ 34. Kf1 Kf8 35. Ke2 f4 36. Rc3 d4 37. Rd3 Bc1 38. Nc4 b5 39. axb5 axb5 40.
Na3 Re8+ 41. Kd1 Bxb2 42. Nxb5 Rc8 43. Nxd4 Bxd4 44. Rxd4 Rc3 45. Bd5 Re3 46.
Bf3 Ra3 47. Ke2 Ke7 48. Kf1 Re3 49. Re4+ Rxe4 50. Bxe4 Ke6 51. Kf2 Ke5 52. Kf3
g4+ 53. Kxg4 Kxe4 54. h4 Ke3 55. Kf5 h5 56. Kg5 Ke4 57. Kxh5 Kf5 58. Kh6 Kf6
59. h5 Kf7 60. Kg5 Kg7 61. Kxf4 Kf6 62. Kg4 Kg7 63. Kg5 Kh7 64. g4 Kg7 65. h6+
Kh7 66. Kh5 Kg8 67. g5 Kh7 68. g6+ Kg8 69. Kg5 Kh8 70. Kf6 Kg8 71. h7+ Kh8 72.
g7+ 1-0

[Event "HEM C-Turnier"]
[Site "Frankfurt-Zeilsheim"]
[Date "2018.05.10"]
[Round "2.16"]
[White "Edelmann, Viktor"]
[Black "Droeser, Wolfgang"]
[Result "1/2-1/2"]
[WhiteElo "967"]
[BlackElo "1420"]
[PlyCount "61"]
[EventDate "2018.??.??"]
[EventType "swiss"]
[EventRounds "7"]
[EventCountry "GER"]
[WhiteTeam "SC Frankfurt-West"]
[BlackTeam "SC Sulzbach"]

1. e4 d6 2. Nf3 g6 3. b3 Bg7 4. Nc3 c6 5. d4 Qc7 6. Bc4 e6 7. Bf4 e5 8. Be3 Nd7
9. d5 a6 10. Qd2 b5 11. dxc6 bxc4 12. cxd7+ Bxd7 13. Qd5 Bc6 14. Qxc4 Ne7 15.
Nd5 Nxd5 16. exd5 Qa5+ 17. b4 Qxd5 18. Qxd5 Bxd5 19. Rd1 Bxf3 20. gxf3 Rd8 21.
f4 exf4 22. Bxf4 Bc3+ 23. Kf1 Bxb4 24. Bg5 Rd7 25. Rb1 Ba5 26. Kg2 O-O 27. Rhd1
Rc8 28. Rb2 Kg7 29. Rd5 Rc5 30. Rxc5 dxc5 31. Be3 1/2-1/2

[Event "HEM C-Turnier"]
[Site "Frankfurt-Zeilsheim"]
[Date "2018.05.10"]
[Round "2.17"]
[White "Pessotschinski, Eduard"]
[Black "Politoukhin, Nikolaj"]
[Result "0-1"]
[WhiteElo "1383"]
[BlackElo "893"]
[PlyCount "102"]
[EventDate "2018.??.??"]
[EventType "swiss"]
[EventRounds "7"]
[EventCountry "GER"]
[WhiteTeam "TuS Makkabi"]
[BlackTeam "SC Flörsheim"]

1. e4 e5 2. Nf3 Nc6 3. d4 exd4 4. Nxd4 Bc5 5. Nxc6 bxc6 6. Nc3 Qe7 7. Bd3 Nf6
8. O-O O-O 9. Bg5 h6 10. Bh4 g5 11. Bg3 d5 12. e5 Nd7 13. Re1 Bd4 14. Qh5 Kg7
15. e6 Nf6 16. Qe2 fxe6 17. Be5 c5 18. Qh5 Qf7 19. Qxf7+ Rxf7 20. Bxd4 cxd4 21.
Nb5 c5 22. Nc7 Rxc7 23. b3 c4 24. Bf1 Re7 25. bxc4 Ba6 26. cxd5 Bxf1 27. d6
Ree8 28. Kxf1 Rad8 29. Rab1 Rxd6 30. Rb7+ Rd7 31. Rb5 Rd5 32. Rb7+ Rd7 33. Rb5
Rde7 34. Rb4 e5 35. Rb5 a6 36. Ra5 Re6 37. Rb1 R8e7 38. Rb8 Nd7 39. Ra8 Nb6 40.
R8xa6 Nc4 41. Rxe6 Rxe6 42. Ra7+ Kg6 43. Rc7 Na3 44. c4 dxc3 45. Rxc3 Nb5 46.
Rc5 Nd4 47. a4 Rc6 48. Rxe5 Ra6 49. Rd5 Rxa4 50. g3 Nf5 51. g4 Rxg4 0-1

[Event "HEM C-Turnier"]
[Site "Frankfurt-Zeilsheim"]
[Date "2018.05.10"]
[Round "2.18"]
[White "Edelmann, Anastasija"]
[Black "Gertel, Josef"]
[Result "0-1"]
[WhiteElo "919"]
[BlackElo "1227"]
[PlyCount "50"]
[EventDate "2018.??.??"]
[EventType "swiss"]
[EventRounds "7"]
[EventCountry "GER"]
[WhiteTeam "SC Frankfurt-West"]
[BlackTeam "SC Frankfurt-West"]

1. e4 e5 2. Nf3 Nc6 3. Nc3 Nf6 4. Bb5 d6 5. Bxc6+ bxc6 6. d3 Ba6 7. Bg5 h6 8.
Bxf6 Qxf6 9. Qd2 Be7 10. d4 O-O 11. d5 c5 12. Ne2 Rab8 13. O-O-O Bxe2 14. Qxe2
Qf4+ 15. Kb1 f5 16. exf5 Rxf5 17. g3 Qxf3 18. Qxf3 Rxf3 19. Rhf1 Bf6 20. Rde1
e4 21. Rxe4 Bxb2 22. Ra4 Bd4+ 23. Kc1 Rxf2 24. Rh1 Be3+ 25. Kd1 Rb1# 0-1

[Event "HEM C-Turnier"]
[Site "Frankfurt-Zeilsheim"]
[Date "2018.05.10"]
[Round "2.19"]
[White "Graef, Britta"]
[Black "Jayakumar, Sharun"]
[Result "0-1"]
[WhiteElo "856"]
[BlackElo "1212"]
[PlyCount "58"]
[EventDate "2018.??.??"]
[EventType "swiss"]
[EventRounds "7"]
[EventCountry "GER"]
[WhiteTeam "SV Frankfurt Nord"]
[BlackTeam "SV Ffm-Griesheim"]

1. d4 Nf6 2. Bf4 g6 3. e3 Bg7 4. Bd3 d6 5. h3 Nc6 6. Ne2 O-O 7. O-O e5 8. dxe5
dxe5 9. Bh2 Re8 10. Nd2 Be6 11. Rb1 a6 12. b3 b5 13. Ne4 Qe7 14. Nxf6+ Qxf6 15.
Be4 Bf5 16. Bd3 e4 17. Ng3 exd3 18. Nxf5 Qxf5 19. cxd3 Rac8 20. Rc1 Qd7 21. Qf3
Ne5 22. Qb7 a5 23. Qa6 a4 24. f4 Nxd3 25. Rcd1 Rcd8 26. Qa5 axb3 27. axb3 Rxe3
28. Qd2 Bd4 29. Rf3 Re1# 0-1

[Event "HEM C-Turnier"]
[Site "Frankfurt-Zeilsheim"]
[Date "2018.05.10"]
[Round "2.20"]
[White "Coskun, Eray"]
[Black "Schmidt, Jeremy"]
[Result "0-1"]
[WhiteElo "839"]
[BlackElo "1161"]
[PlyCount "42"]
[EventDate "2018.??.??"]
[EventType "swiss"]
[EventRounds "7"]
[EventCountry "GER"]
[WhiteTeam "SC Flörsheim"]
[BlackTeam "SG Rödermark"]

1. e4 c5 2. Bc4 Nc6 3. Nf3 d6 4. Nc3 Nf6 5. d3 g6 6. h3 Bg7 7. Ng5 O-O 8. O-O
h6 9. Nf3 Nd7 10. Nh4 Nb6 11. f4 Nxc4 12. dxc4 e6 13. Nf3 f5 14. Re1 b6 15. a3
Bb7 16. Bd2 Nd4 17. Nxd4 Bxd4+ 18. Kh1 fxe4 19. Nxe4 d5 20. cxd5 Qxd5 21. Nc3
Qxg2# 0-1

[Event "HEM C-Turnier"]
[Site "Frankfurt-Zeilsheim"]
[Date "2018.05.11"]
[Round "3.1"]
[White "Doehne, Michael"]
[Black "Hoelss, Silas"]
[Result "0-1"]
[WhiteElo "1363"]
[BlackElo "1457"]
[PlyCount "114"]
[EventDate "2018.??.??"]
[EventType "swiss"]
[EventRounds "7"]
[EventCountry "GER"]
[WhiteTeam "SC Hattersheim"]
[BlackTeam "SSG Hungen-Lich"]

1. d4 f5 2. Bf4 Nf6 3. e3 g6 4. c3 Bg7 5. Nd2 O-O 6. Ngf3 d6 7. Qb3+ Kh8 8. Ng5
d5 9. Be2 h6 10. Ngf3 b6 11. Ne5 Kh7 12. h4 h5 13. Ndf3 Ne4 14. Ng5+ Nxg5 15.
hxg5 Bxe5 16. Bxe5 e6 17. Bf6 Qe8 18. g4 fxg4 19. Bxg4 Kg8 20. Bxh5 gxh5 21.
Qd1 Nd7 22. Rxh5 Nxf6 23. gxf6 Rxf6 24. Qg4+ Rg6 25. Rg5 Kg7 26. Kd2 Rxg5 27.
Qxg5+ Qg6 28. Qe5+ Kg8 29. Rh1 Qg7 30. Qh2 Qf6 31. Qh7+ Kf8 32. f4 Qg7 33. Qh4
Bb7 34. Qh3 Ke7 35. Rh2 Rg8 36. Qh4+ Qf6 37. Qh7+ Rg7 38. Qh3 Bc8 39. Qf1 a6
40. Rf2 Rg3 41. Rh2 Qg6 42. Re2 Qe4 43. Qf2 Rh3 44. b4 Qb1 45. Qg2 Rh1 46. e4
dxe4 47. Ke3 Rh3+ 48. Qxh3 Qd3+ 49. Kf2 Qxh3 50. Rxe4 Bb7 51. Re3 Qh2+ 52. Ke1
Qxf4 53. Kd2 Qd6 54. Kd3 c5 55. Rh3 Qd5 56. Rh7+ Kd6 57. Kc2 Qe4+ 0-1

[Event "HEM C-Turnier"]
[Site "Frankfurt-Zeilsheim"]
[Date "2018.05.11"]
[Round "3.2"]
[White "Doehne, Vincent"]
[Black "Mitsiioannou, Antonios"]
[Result "1-0"]
[WhiteElo "1296"]
[BlackElo "1430"]
[PlyCount "105"]
[EventDate "2018.??.??"]
[EventType "swiss"]
[EventRounds "7"]
[EventCountry "GER"]
[WhiteTeam "SC Hattersheim"]
[BlackTeam "SV Ffm-Griesheim"]

1. e4 c5 2. Nc3 Nc6 3. f4 d6 4. Nf3 e6 5. Bb5 Bd7 6. Bxc6 Bxc6 7. d3 Nf6 8. O-O
h6 9. Qe1 Qc7 10. Qg3 O-O-O 11. a3 Nh5 12. Qh3 g6 13. Bd2 Be7 14. g4 Ng7 15. b4
f5 16. b5 Bd7 17. Nh4 fxg4 18. Qxg4 e5 19. Qg3 exf4 20. Qf2 g5 21. Nd5 Bf6 22.
Nxc7 Bd4 23. Qxd4 cxd4 24. Ng6 Kxc7 25. Nxh8 Rxh8 26. Rab1 Ne6 27. a4 Nc5 28.
Rb4 Ne6 29. a5 Kd8 30. Be1 g4 31. Bh4+ Kc8 32. Bf6 Rf8 33. Be7 Rf7 34. Bxd6 f3
35. Kf2 h5 36. Kg3 Rh7 37. Kh4 Kd8 38. Be5 Nf8 39. Bxd4 Ng6+ 40. Kg5 Ne7 41.
Bxa7 h4 42. Bb6+ Kc8 43. Rc4+ Kb8 44. Rc7 g3 45. hxg3 hxg3 46. Rxd7 g2 47. Rg1
Rf7 48. a6 Rf8 49. a7+ Ka8 50. Rxe7 f2 51. Bxf2 Rxf2 52. b6 Rf8 53. Rxg2 1-0

[Event "HEM C-Turnier"]
[Site "Frankfurt-Zeilsheim"]
[Date "2018.05.11"]
[Round "3.3"]
[White "Shehab, Tarek"]
[Black "Klein, Simon"]
[Result "1/2-1/2"]
[WhiteElo "1218"]
[BlackElo "1383"]
[PlyCount "83"]
[EventDate "2018.??.??"]
[EventType "swiss"]
[EventRounds "7"]
[EventCountry "GER"]
[WhiteTeam "SF Korbach"]
[BlackTeam "SK Hungen"]

1. e4 d6 2. d4 Nf6 3. Nc3 Nbd7 4. Nf3 e5 5. Bc4 Be7 6. O-O h6 7. Qd3 c6 8. Bd2
b5 9. Bb3 Qc7 10. Ne2 Nf8 11. Ng3 Ng6 12. dxe5 dxe5 13. Rfe1 O-O 14. c3 Rd8 15.
Qe2 a5 16. Rad1 Nf4 17. Bxf4 exf4 18. Rxd8+ Bxd8 19. Nf5 Be6 20. Bxe6 fxe6 21.
N5d4 e5 22. Nf5 Kh7 23. Rd1 Be7 24. Nxe7 Qxe7 25. Rd3 g5 26. Nd2 g4 27. f3 Rg8
28. Nb3 gxf3 29. Rxf3 a4 30. Nd2 Ng4 31. Nf1 Qc5+ 32. Kh1 Rd8 33. h3 Nf6 34.
Rd3 Rxd3 35. Qxd3 Qf2 36. Nd2 Qc5 37. Qd8 Kg6 38. Nf3 a3 39. bxa3 Qxc3 40. Qd6
Qe3 41. Nxe5+ Kg5 42. Nf3+ 1/2-1/2

[Event "HEM C-Turnier"]
[Site "Frankfurt-Zeilsheim"]
[Date "2018.05.11"]
[Round "3.5"]
[White "Schaefer, Jessica"]
[Black "Giebitz, Walter"]
[Result "1-0"]
[WhiteElo "1461"]
[BlackElo "1476"]
[PlyCount "47"]
[EventDate "2018.??.??"]
[EventType "swiss"]
[EventRounds "7"]
[EventCountry "GER"]
[WhiteTeam "SK Turm Bad Hersfeld"]
[BlackTeam "SC Steinbach"]

1. e4 e5 2. Nf3 Nc6 3. Bc4 Be7 4. d4 exd4 5. Nxd4 Ne5 6. Bb3 Nf6 7. Nc3 Bb4 8.
Bg5 h6 9. Bxf6 Qxf6 10. O-O Bxc3 11. bxc3 O-O 12. f4 Ng6 13. Qf3 Qb6 14. Kh1 d6
15. Rab1 Qa6 16. f5 Ne5 17. Qg3 Kh7 18. Nf3 f6 19. Nxe5 dxe5 20. Qg6+ Kh8 21.
Rf3 Qd6 22. Rh3 Bd7 23. Rxh6+ gxh6 24. Qxh6# 1-0